000 00730nam a2200169Ia 4500
008 090124s9999 xx 000 0 und d
082 _b102881
100 _aसमडो अप्पा भाऊ मगदूत
245 _a कृष्णकुमार अर्थात वीर प्रद्युम्न
250 _a0
260 _c1948
600 _aसमडो अप्पा भाऊ मगदूत
630 _a कृष्णकुमार अर्थात वीर प्रद्युम्न
700 _aसमडो अप्पा भाऊ मगदूत
730 _a कृष्णकुमार अर्थात वीर प्रद्युम्न
942 _cBOOK
999 _c148973
_d148973